Mortal como una paloma en pleno vuelo / (Record no. 4953)
[ view plain ]
| 000 -CABECERA | |
|---|---|
| campo de control de longitud fija | 00870cam a2200253 a 4500 |
| 001 - NÚMERO DE CONTROL | |
| campo de control | 000005150 |
| 005 - FECHA Y HORA DE LA ÚLTIMA TRANSACCIÓN | |
| campo de control | 20200929151607.0 |
| 008 - DATOS DE LONGITUD FIJA--INFORMACIÓN GENERAL | |
| campo de control de longitud fija | 920728s1988 cu 000 0 spa |
| 010 ## - NÚMERO DE CONTROL DE LA BIBLIOTECA DEL CONGRESO | |
| Número de control de LC | 92191588 |
| 040 ## - FUENTE DE LA CATALOGACIÓN | |
| Centro catalogador/agencia de origen | DO-SdBNP |
| Centro/agencia transcriptor | DLC |
| 082 ## - NÚMERO DE LA CLASIFICACIÓN DECIMAL DEWEY | |
| Número de clasificación | Cu861.44 |
| Número de documento/Ítem | G158m |
| 100 1# - ENTRADA PRINCIPAL--NOMBRE DE PERSONA | |
| Nombre de persona | Galindo Lena, Carlos, |
| Fechas asociadas al nombre | 1929- |
| 9 (RLIN) | 14733 |
| 245 10 - MENCIÓN DE TÍTULO | |
| Título | Mortal como una paloma en pleno vuelo / |
| Mención de responsabilidad, etc. | Carlos Galindo Lena ; nota introductoria y selección de Francisco de Oraá, edición, Raúl Luis. |
| 260 ## - PUBLICACIÓN, DISTRIBUCIÓN, ETC. | |
| Lugar de publicación, distribución, etc. | La Habana, Cuba : |
| Nombre del editor, distribuidor, etc. | Editorial Letras Cubanas, |
| Fecha de publicación, distribución, etc. | 1988. |
| 300 ## - DESCRIPCIÓN FÍSICA | |
| Extensión | 128 p. ; |
| Dimensiones | 18 cm. |
| 490 0# - MENCIÓN DE SERIE | |
| Mención de serie | Giraldilla |
| 650 #4 - PUNTO DE ACCESO ADICIONAL DE MATERIA--TÉRMINO DE MATERIA | |
| Término de materia o nombre geográfico como elemento de entrada | Poesía cubana |
| 9 (RLIN) | 5226 |
| 650 #4 - PUNTO DE ACCESO ADICIONAL DE MATERIA--TÉRMINO DE MATERIA | |
| Término de materia o nombre geográfico como elemento de entrada | Tiempo |
| Subdivisión general | Poesía |
| 9 (RLIN) | 14734 |
| 650 #4 - PUNTO DE ACCESO ADICIONAL DE MATERIA--TÉRMINO DE MATERIA | |
| Término de materia o nombre geográfico como elemento de entrada | Tierra |
| Subdivisión general | Poesía |
| 9 (RLIN) | 14735 |
| 650 #4 - PUNTO DE ACCESO ADICIONAL DE MATERIA--TÉRMINO DE MATERIA | |
| Término de materia o nombre geográfico como elemento de entrada | Soldado |
| Subdivisión general | Poesía |
| 9 (RLIN) | 14736 |
| 700 1# - PUNTO DE ACCESO ADICIONAL--NOMBRE DE PERSONA | |
| Nombre de persona | Raúl, Luis |
| Término indicativo de función/relación | ed. |
| 9 (RLIN) | 14737 |
| 700 1# - PUNTO DE ACCESO ADICIONAL--NOMBRE DE PERSONA | |
| Nombre de persona | Oraá, Francisco de |
| Término indicativo de función/relación | intr. |
| 9 (RLIN) | 14738 |
| 910 ## - DATOS DE OPCIÓN DEL USUARIO (OCLC) | |
| Datos de opción del usuario | Catalogación por copia / LC |
| Estado de retiro | Estado de pérdida | Restricciones de uso | No para préstamo | Código de colección | Localización permanente | Ubicación/localización actual | Ubicación en estantería | Fecha de adquisición | Número de inventario | Total de préstamos | Signatura topográfica completa | Código de barras | Fecha visto por última vez | Precio válido a partir de | Tipo de ítem Koha |
|---|---|---|---|---|---|---|---|---|---|---|---|---|---|---|---|
| Préstamo interno | Monografías: Libros y Folletos | General | General | En catalogación | 29.07.2009 | LF1 | Cu861.44 G158m | 5150-10 | 25.06.2020 | 25.06.2020 | Préstamo interno |
